Statistics for Länder med gräns mot Ryssland

Click here to take the quiz!

General Stats

  • This quiz has been taken 67 times
  • The average score is 12 of 14

Answer Stats

LängdLand% Correct
3,645 kmKina
98%
1,313 kmFinland
96%
1,576 kmUkraina
96%
959 kmVitryssland
96%
6,846 kmKazakstan
94%
3,441 kmMongoliet
91%
290 kmEstland
85%
292 kmLettland
85%
227 kmLitauen
83%
18 kmNordkorea
78%
723 kmGeorgien
72%
196 kmNorge
69%
206 kmPolen
69%
284 kmAzerbajdzjan
50%

Score Distribution

Percentile by Number Answered

Percent of People with Each Score

Your Score History

You have not taken this quiz